<?xml version="1.0" encoding="UTF-8"?>
<collection xmlns="http://www.loc.gov/MARC21/slim">
 <record>
  <leader>06167nam a2200409 a 4500</leader>
  <controlfield tag="001">kal1331</controlfield>
  <controlfield tag="003">Gr-AtHEAL</controlfield>
  <controlfield tag="005">20160425104840.0</controlfield>
  <controlfield tag="006">m        d        </controlfield>
  <controlfield tag="008">160413s2015    gr      s           gre|c</controlfield>
  <datafield tag="020" ind1=" " ind2=" ">
   <subfield code="a">9789606030123</subfield>
  </datafield>
  <datafield tag="040" ind1=" " ind2=" ">
   <subfield code="a">GR-AtHEAL</subfield>
   <subfield code="b">gre</subfield>
   <subfield code="c">GR-AtHEAL</subfield>
  </datafield>
  <datafield tag="082" ind1="0" ind2="4">
   <subfield code="a">658</subfield>
   <subfield code="2">23</subfield>
  </datafield>
  <datafield tag="100" ind1="1" ind2=" ">
   <subfield code="a">Κόκκινου, Αικατερίνη.</subfield>
   <subfield code="8">1267</subfield>
  </datafield>
  <datafield tag="245" ind1="1" ind2="0">
   <subfield code="a">Ευρωπαϊκές επιχειρήσεις και καινοτομική επιχειρηματικότητα</subfield>
   <subfield code="h">[Ηλεκτρονικός πόρος] </subfield>
   <subfield code="b">Μια ανάλυση στο πλαίσιο της Ευρωπαϊκής Ένωσης</subfield>
   <subfield code="c">Κόκκινου, Αικατερίνη ; Κριτικός αναγνώστης,Κορρές, Γεώργιος ; Γραφιστική επιμέλεια,Μποζιονέλος, Γαβριήλ ; Γλωσσική επιμέλεια,Κιοσέογλου, Νερίνα.</subfield>
  </datafield>
  <datafield tag="260" ind1=" " ind2=" ">
   <subfield code="a">Αθήνα :</subfield>
   <subfield code="b">Σύνδεσμος Ελληνικών Ακαδημαϊκών Βιβλιοθηκών,</subfield>
   <subfield code="c">c2015.</subfield>
  </datafield>
  <datafield tag="490" ind1=" " ind2=" ">
   <subfield code="a">Ακαδημαϊκά Ηλεκτρονικά Συγγράμματα και Βοηθήματα Κάλλιπος</subfield>
   <subfield code="8">40</subfield>
  </datafield>
  <datafield tag="520" ind1=" " ind2=" ">
   <subfield code="a">Το ζήτημα που πραγματεύεται το βιβλίο αυτό αφορά στη μελέτη των επιπτώσεων της ευρωπαϊκής ενοποίησης στις ευρωπαϊκές επιχειρήσεις, μέσω της ενίσχυσης της επιχειρηματικότητας, της τεχνολογίας και των καινοτομικών δραστηριοτήτων, στο πλαίσιο της αναπτυξιακής πορείας και συνοχής των κρατών-μελών και των περιφερειών της Ευρωπαϊκής Ένωσης. Ειδικότερα καταγράφονται, αναλύονται και αξιολογούνται, μέσα από την θεωρία, την εμπειρική διερεύνηση και τεκμηρίωση, και την ανάλυση των ασκούμενων πολιτικών, οι βασικότερες παράμετροι που επηρεάζουν την εξέλιξη, τη μορφή και την ένταση των επιχειρηματικών και καινοτομικών δραστηριοτήτων των ευρωπαϊκών επιχειρήσεων, υπό το πρίσμα της Ευρωπαϊκής Ένωσης. Το βιβλίο αυτό φιλοδοξεί να καλύψει ένα ερευνητικό και βιβλιογραφικό κενό αναφορικά με την κατανομή των επιχειρηματικών καινοτομικών δραστηριοτήτων στο χώρο, σε επίπεδο κρατών-μελών και περιφερειών, στην Ευρωπαϊκή Ένωση, τον τρόπο με τον οποίο επηρεάζονται από τα εθνικά και περιφερειακά γεω-οικονομικά χαρακτηριστικά, καθώς και τον τρόπο με τον οποίο επηρεάζουν την αναπτυξιακή πορεία της Ένωσης. Σε αυτή την προσπάθεια, κατευθυντήρια γραμμή αποτελεί η έρευνα αναφορικά με την ανάλυση της επίδρασης των περιφερειακών χαρακτηριστικών στην αποτελεσματικότητα της ανάληψης καινοτομικών δραστηριοτήτων, καθώς και την επίδραση των καινοτομικών δραστηριοτήτων στην αναπτυξιακή πορεία των περιφερειών. Συμπερασματικά, στόχος είναι η μελέτη, σε περιφερειακό, εθνικό και διεθνικό επίπεδο της εξέλιξης των προβλημάτων, των πολιτικών και των πρακτικών αναφορικά με την καινοτομική επιχειρηματικότητα και την δυναμική διαδικασία ανάπτυξης των ευρωπαϊκών επιχειρήσεων, και ως προς αυτό, βάρος δίνεται στην εξέταση των παραμέτρων της επιχειρηματικότητας, καινοτομίας, τεχνολογικής πολιτικής, ανάπτυξης και συνοχής.</subfield>
  </datafield>
  <datafield tag="650" ind1=" " ind2="0">
   <subfield code="a">Entrepreneurship</subfield>
   <subfield code="8">2389</subfield>
  </datafield>
  <datafield tag="650" ind1=" " ind2="0">
   <subfield code="a">Technological innovations</subfield>
   <subfield code="x">Management</subfield>
   <subfield code="8">2400</subfield>
  </datafield>
  <datafield tag="653" ind1=" " ind2=" ">
   <subfield code="a">Τεχνολογική πολιτική</subfield>
  </datafield>
  <datafield tag="653" ind1=" " ind2=" ">
   <subfield code="a">Περιφερειακή πολιτική</subfield>
  </datafield>
  <datafield tag="653" ind1=" " ind2=" ">
   <subfield code="a">Ευρωπαϊκή Ένωση</subfield>
  </datafield>
  <datafield tag="653" ind1=" " ind2=" ">
   <subfield code="a">Έρευνα και ανάπτυξη</subfield>
  </datafield>
  <datafield tag="653" ind1=" " ind2=" ">
   <subfield code="a">Επιχειρηματικότητα</subfield>
  </datafield>
  <datafield tag="653" ind1=" " ind2=" ">
   <subfield code="a">Οικονομική ανάπτυξη</subfield>
  </datafield>
  <datafield tag="653" ind1=" " ind2=" ">
   <subfield code="a">Καινοτομική επιχειρηματικότητα</subfield>
  </datafield>
  <datafield tag="653" ind1=" " ind2=" ">
   <subfield code="a">Οικονομικές επιστήμες</subfield>
   <subfield code="a">Άλλα ειδικά θέματα</subfield>
  </datafield>
  <datafield tag="653" ind1=" " ind2=" ">
   <subfield code="a">Οικονομικές επιστήμες</subfield>
   <subfield code="a">Αστική, αγροτική, περιφερειακή οικονομική και οικονομική ακινήτων και μεταφορών</subfield>
  </datafield>
  <datafield tag="653" ind1=" " ind2=" ">
   <subfield code="a">Οικονομικές επιστήμες</subfield>
   <subfield code="a">Διοίκηση επιχειρήσεων και οικονομικά των επιχειρήσεων, μάρκετινγκ, λογιστική</subfield>
  </datafield>
  <datafield tag="653" ind1=" " ind2=" ">
   <subfield code="a">Οικονομικές επιστήμες</subfield>
   <subfield code="a">Οικονομική ανάπτυξη, τεχνολογική αλλαγή και ανάπτυξη</subfield>
  </datafield>
  <datafield tag="700" ind1="1" ind2=" ">
   <subfield code="a">Κορρές, Γεώργιος Μ.,</subfield>
   <subfield code="e">Κριτικός αναγνώστης</subfield>
   <subfield code="8">1268</subfield>
  </datafield>
  <datafield tag="856" ind1="4" ind2="0">
   <subfield code="u">http://hdl.handle.net/11419/1331</subfield>
   <subfield code="z">Πλήρες Κείμενο - Full text</subfield>
  </datafield>
  <datafield tag="907" ind1=" " ind2=" ">
   <subfield code="a">.b25680791</subfield>
   <subfield code="b">12-06-18</subfield>
   <subfield code="c">29-07-16</subfield>
  </datafield>
  <datafield tag="949" ind1=" " ind2=" ">
   <subfield code="0">0</subfield>
   <subfield code="1">0</subfield>
   <subfield code="2">ddc</subfield>
   <subfield code="4">0</subfield>
   <subfield code="6">658_000000000000000_ΚΟΚ</subfield>
   <subfield code="7">0</subfield>
   <subfield code="8">KALL</subfield>
   <subfield code="8">838</subfield>
   <subfield code="d">2016-04-13</subfield>
   <subfield code="r">2016-04-13</subfield>
   <subfield code="w">2016-04-13</subfield>
   <subfield code="z">658 ΚΟΚ</subfield>
   <subfield code="o">SEAB KALLIPOS</subfield>
  </datafield>
  <datafield tag="998" ind1=" " ind2=" ">
   <subfield code="a">80</subfield>
   <subfield code="a">01</subfield>
   <subfield code="a">02</subfield>
   <subfield code="a">03</subfield>
   <subfield code="a">04</subfield>
   <subfield code="a">05</subfield>
   <subfield code="a">06</subfield>
   <subfield code="a">07</subfield>
   <subfield code="a">08</subfield>
   <subfield code="a">09</subfield>
   <subfield code="a">10</subfield>
   <subfield code="a">11</subfield>
   <subfield code="a">12</subfield>
   <subfield code="a">13</subfield>
   <subfield code="a">15</subfield>
   <subfield code="a">14</subfield>
   <subfield code="a">16</subfield>
   <subfield code="a">17</subfield>
   <subfield code="a">18</subfield>
   <subfield code="a">19</subfield>
   <subfield code="a">20</subfield>
   <subfield code="a">21</subfield>
   <subfield code="a">22</subfield>
   <subfield code="a">23</subfield>
   <subfield code="a">24</subfield>
   <subfield code="a">25</subfield>
   <subfield code="a">26</subfield>
   <subfield code="b">22-05-17</subfield>
   <subfield code="c">m</subfield>
   <subfield code="d">z  </subfield>
   <subfield code="e">-</subfield>
   <subfield code="f">gre</subfield>
   <subfield code="g">gr </subfield>
   <subfield code="h">0</subfield>
  </datafield>
  <datafield tag="942" ind1=" " ind2=" ">
   <subfield code="2">ddc</subfield>
   <subfield code="c">KALLIPOS</subfield>
  </datafield>
 </record>
</collection>
